=LDR 00000nam 2200000 4500 =001 000281 =005 20250710125243 =035 ##$$a 0010-0725000122 =007 ta =008 250710################a##########0#ind## =020 ##$$a 978-623-307-508-4 =082 ##$$a 398. 280 2 =084 ##$$a 398. 280 2 KON a =100 #$$a Konjuro, Lawrence A. =245 1#$$a Azizi si Boneka /$c Lawrence A. Konjuro =250 ##$$a Cetakan Pertama =260 ##$$a Jakarta Timur :$b Badan Pengembangan dan Pembinaan Bahasa,$c 2024 =300 ##$$a 18 hlm. : $b Ilus. ; $c 21,5 cm =650 #4$$a cerita anak indonesia-terjemahan =856 ##$$a TBM As suhada =990 ##$$a TBM202400660